Entry Personal Name
Number of records used in: 1
001 - CONTROL NUMBER
003 - CONTROL NUMBER IDENTIFIER
005 - DATE AND TIME OF LATEST TRANSACTION
- control field:
20200226144406.0
008 - FIXED-LENGTH DATA ELEMENTS
- fixed length control field:
820323n| acannaabn |a aaa
010 ## - LIBRARY OF CONGRESS CONTROL NUMBER
- LC control number:
n 82020339
035 ## - SYSTEM CONTROL NUMBER
- System control number:
(OCoLC)oca00717557
040 ## - CATALOGING SOURCE
- Original cataloging agency:
DLC
- Language of cataloging:
eng
- Transcribing agency:
DLC
- Modifying agency:
DLC
- Modifying agency:
OCoLC
100 1# - HEADING--PERSONAL NAME
- Personal name:
Mohy-ud-Din, Atta
400 0# - SEE FROM TRACING--PERSONAL NAME
- Personal name:
Atta Mohy-ud-Din
400 1# - SEE FROM TRACING--PERSONAL NAME
- Personal name:
Mohy-ud-din, Ata
400 0# - SEE FROM TRACING--PERSONAL NAME
- Personal name:
Ata Mohy-ud-Din
400 1# - SEE FROM TRACING--PERSONAL NAME
- Personal name:
Mohyuddin, Ata
670 ## - SOURCE DATA FOUND
- Source citation:
His Abu Bakr, 1968.
670 ## - SOURCE DATA FOUND
- Source citation:
His Ali, the superman, 1980:
- Information found:
t.p. (Ata Mohy-ud-Din)
670 ## - SOURCE DATA FOUND
- Source citation:
His The Arabian Prophet, 1983:
- Information found:
t.p. (Dr. Ata Mohy-ud-Din; Ph.D.) jkt. (Dr. Ata Mohyuddin)